U.S. States with the Most Coronavirus Patients Per Capita - Statistics

General Stats
  • This quiz has been taken 17 times
    6 since last reset
  • The average score is 10 of 15
Answer Stats
% of Total Population
(Rounded)
Cases per 1m People U.S. State % Correct
6.44% 64,417 New York
100%
2.56% 25,505 Maine
83%
4.30% 43,007 Washington
83%
7.08% 70,798 Alaska
67%
1.74% 17,395 Hawaii
67%
5.63% 56,349 Maryland
67%
7.00% 70,038 North Carolina
67%
3.46% 34,570 Oregon
67%
6.09% 60,935 Pennsylvania
67%
6.43% 64,268 Connecticut
50%
5.91% 59,117 Michigan
50%
4.39% 43,896 New Hampshire
50%
1.63% 16,315 Vermont
50%
5.52% 55,153 Virginia
50%
5.92% 59,185 West Virginia
50%
No matching quizzes found
Score Distribution
Percent of People with Each Score
Percentile by Number Answered
Your Score History
You have not taken this quiz since the last reset